Loop Groups

Αποθηκεύτηκε σε:
Λεπτομέρειες βιβλιογραφικής εγγραφής
Κύριος συγγραφέας: Pressley, Andrew
Άλλοι συγγραφείς: Segal, Graeme
Μορφή: Βιβλίο
Γλώσσα:English
Δημοσίευση: Oxford : Clarendon Press, 1992
Σειρά:Oxford mathematical monographs
Oxford science publications
Θέματα:
Ετικέτες: Προσθήκη ετικέτας
Δεν υπάρχουν, Καταχωρήστε ετικέτα πρώτοι!

MARC

LEADER 00000nam a2200000 i 4500
001 1/61847
008 960221s1992 eng d
020 |a 0-19-853561-9 
035 |a 1995  |c ΚΕΧΑΓΙΑΣ  |l 10046509 
040 |a GR-MY-UA  |b gre  |e aacr 
041 0 |a eng 
082 0 |a 512.55 
100 1 |a Pressley, Andrew. 
245 1 0 |a Loop Groups /  |c Andrew Pressley and Graeme Segal 
260 |a Oxford :   |b Clarendon Press,   |c 1992 
300 |a 303 p.;  |c 23 cm. 
490 1 |a Oxford mathematical monographs 
490 1 |a Oxford science publications 
500 |a Includes references and index 
650 0 0 |a Lie groups. 
650 0 0 |a Loops (Group theory) 
700 1 |a Segal, Graeme. 
830 0 |a Oxford mathematical monographs 
830 0 |a Oxford science publications 
852 |a INST  |b SAMOS  |e 19960221  |h 512.55 PRE  |p 005300004717  |q 005300004717  |t BK  |y 0 
909 |a Σ  |b 040504